[Event "CZE-ch Open 2019"]
[Site "Ostrava"]
[Date "2019.04.30"]
[Round "4.1"]
[White "Navara, David"]
[Black "Zwardon, Vojtech"]
[Result "1-0"]
[WhiteElo "2733"]
[BlackElo "2458"]
[Annotator "TA"]
[PlyCount "53"]
[EventDate "2019.04.27"]
[EventType "swiss"]
[EventCountry "CZE"]
[SourceTitle "playchess.com"]
[Source "ChessBase"]
[SourceQuality "1"]

{[%evp 14,52,20,23,39,32,18,20,38,16,22,38,31,31,30,30,97,108,116,117,102,67,61,62,273,258,962,955,927,741,933,864,29988,29989,29996,29997,29997,29998,29998,29999,29999]} 1. e4 c5 2. Nf3 Nc6 3. Nc3 g6 4. d4 cxd4 5. Nxd4 Bg7 6. Be3 Nf6 7. Bc4 O-O 8. Bb3 Re8 {B35: Sicilian: Accelerated Dragon with 5 Nc3: main line} 9. f3 e6 10. f4 Ng4 {The position is equal.} 11. Qxg4 {[#] Strongly threatening 0-0-0.} Nxd4 12. O-O-O Nxb3+ 13. axb3 Qa5 $146 ({Predecessor:} 13... d5 14. e5 Bd7 15. h4 Qa5 16. h5 {1-0 (30) Saric,I (2660)-Horvath,A (2498) Biel 2016}) 14. Kb1 d5 (14... b5 $11 {keeps the balance.}) 15. e5 $16 b5 16. h4 b4 17. Na4 Bd7 18. Nc5 Qb5 $2 (18... Rac8 $1 $14) 19. h5 $18 {Black must now prevent Qh3.} Rec8 $2 (19... Rac8) 20. hxg6 hxg6 21. f5 ({Weaker is} 21. Nxd7 Qxd7 22. Qh4 Qc7 $16) 21... exf5 22. Qh4 {Intending Qh7+ and mate.} Rxc5 23. Bg5 {White mates.} Qe2 24. Qh7+ Kf8 {[#]} 25. Qh8+ $1 {[%mdl 512]} Bxh8 26. Rxh8+ Kg7 27. Bf6# {Accuracy: White = 85%, Black = 25%.} 1-0

[Event "CZE-ch Open 2019"]
[Site "Ostrava"]
[Date "2019.04.30"]
[Round "4.2"]
[White "Kriebel, Tadeas"]
[Black "Krejci, Jan"]
[Result "1-0"]
[WhiteElo "2514"]
[BlackElo "2588"]
[Annotator "TA"]
[PlyCount "95"]
[EventDate "2019.04.27"]
[EventType "swiss"]
[EventCountry "CZE"]
[SourceTitle "playchess.com"]
[Source "ChessBase"]
[SourceQuality "1"]

{[%evp 26,95,45,19,15,11,36,28,41,41,43,33,69,42,72,45,46,50,75,83,85,74,78,76,90,90,94,95,102,102,100,9,3,13,11,7,8,0,0,0,0,0,0,0,0,0,0,0,0,0,51,51,92,114,94,110,103,105,397,391,899,912,888,820,1511,1495,1416,1314,1234,1212,1195,1164]} 1. e4 e5 2. Nf3 Nc6 3. Bb5 a6 4. Ba4 Nf6 5. O-O Be7 6. Re1 b5 7. Bb3 O-O 8. c3 d6 9. h3 Na5 10. Bc2 c5 11. d4 Qc7 12. Nbd2 {[%cal Bb1d2,Bd2b3,Bb3a5][%mdl 32]} cxd4 13. cxd4 Nc6 14. a3 exd4 {C99: Closed Ruy Lopez: Chigorin Defence: 11 d4 Qc7 12 Nbd2 cxd4} 15. Nb3 d3 (15... Bb7 16. Nbxd4 Nxd4 17. Nxd4 Rfe8 18. Bf4 Bf8 19. f3 Nh5 20. Bh2 g6 21. Bb3 Bg7 22. Kh1 {½-½ (33) Gashimov,V (2734)-Akopian,V (2694) Astrakhan 2010}) 16. Bxd3 Ne5 {White has an edge.} 17. Bf4 Nxd3 18. Qxd3 Be6 19. Rac1 $146 ({Predecessor:} 19. Nbd4 Bd7 20. e5 dxe5 21. Nxe5 Qb7 22. Nxd7 Qxd7 {½-½ (43) Klimov,S (2483)-Goganov,A (2358) St Petersburg 2008}) 19... Qd7 20. Na5 Rac8 21. Nd4 Rxc1 22. Rxc1 Rc8 23. Rxc8+ Qxc8 24. Ndc6 Bf8 25. Bxd6 Bd7 26. e5 Bxc6 27. exf6 {[#] And now Bxf8 would win.} Be4 28. Qg3 ({Stronger than} 28. Qxe4 Qc1+ 29. Kh2 Bxd6+ 30. g3 Qxb2 $17) (28. fxg7 $16 {Strongly threatening Qc3.} Be7 29. Qg3 (29. Qxe4 Qc1+ {[%mdl 64] Double Attack} 30. Kh2 Bxd6+ 31. g3 Qxb2 $15)) 28... Qc1+ $11 29. Kh2 {Hoping for Bxf8.} Bxd6 30. Qxd6 {[%cal Rd6d8]} gxf6 31. Qg3+ Kh8 32. b4 Bd5 33. Qd6 {[%cal Rd6f8]} Qg5 {[%csl Gd5][%cal Rg5g2]} 34. Qf8+ Qg8 35. Qxg8+ Kxg8 {[%mdl 4096] Endgame KB-KN} 36. Kg3 Kf8 37. f3 Ke7 ({Better is} 37... Kg7 $1 $11) 38. Kg4 $1 $14 Ke6 39. Kh5 Bc4 40. h4 Bf1 {[#]} 41. g3 $1 Kd5 $2 {[%mdl 8192]} (41... Be2 $16) 42. Kh6 $18 Bg2 $2 (42... Bd3 43. Kg7 Kd4) 43. Kxh7 {White is clearly winning.} Bxf3 44. Kg7 f5 45. Kxf7 Kd4 46. Kg6 Be4 47. Kg5 Kc3 48. h5 {Accuracy: White = 66%, Black = 40%.} 1-0

[Event "CZE-ch Open 2019"]
[Site "Ostrava"]
[Date "2019.04.30"]
[Round "4.3"]
[White "Hracek, Zbynek"]
[Black "Rubes, Jan"]
[Result "1/2-1/2"]
[WhiteElo "2585"]
[BlackElo "2345"]
[Annotator "TA"]
[PlyCount "62"]
[EventDate "2019.04.27"]
[EventType "swiss"]
[EventCountry "CZE"]
[SourceTitle "playchess.com"]
[Source "ChessBase"]
[SourceQuality "1"]

{[%evp 26,62,12,8,17,0,14,0,0,0,0,0,0,-12,8,0,0,0,0,0,0,0,0,0,35,39,33,0,63,0,0,0,0,0,0,0,0,0,0]} 1. c4 e6 2. Nc3 d5 3. d4 Nf6 4. cxd5 Nxd5 5. e4 Nxc3 6. bxc3 c5 7. Nf3 cxd4 8. cxd4 Bb4+ 9. Bd2 Bxd2+ 10. Qxd2 O-O 11. Bc4 b6 12. O-O Bb7 13. Rfe1 Nd7 14. Rad1 Rc8 {[%cal Ba8c8,Bc8c5,Bc5c2][%mdl 32] D41: Queen's Gambit Declined: Semi-Tarrasch with 5 cxd5} 15. Bb3 Qf6 16. d5 exd5 {[#]} 17. Bxd5 $146 ({Predecessor:} 17. e5 Qg6 18. Nd4 Nc5 19. Bc2 Qh5 20. f3 g6 21. Nb5 Rce8 22. f4 {½-½ (43) Wojtaszek,R (2727)-Lenic,L (2611) Caleta 2016}) 17... Bxd5 18. exd5 Qd6 19. g3 Rc5 20. Nh4 g6 21. Qg5 Qf6 22. Qe3 Rd8 23. Rd4 Nf8 24. Red1 Rc2 25. Nf3 Rxa2 26. h4 b5 ({Better is} 26... h5 $11) 27. Rf4 (27. Ne5 $14 Nd7 28. Ng4) 27... Qb6 {The position is equal.} 28. Rdd4 Ra4 29. Rxa4 Qxe3 30. fxe3 bxa4 31. Rxa4 Rxd5 {Accuracy: White = 50%, Black = 66%.} 1/2-1/2

[Event "CZE-ch Open 2019"]
[Site "Ostrava"]
[Date "2019.04.30"]
[Round "4.4"]
[White "Simacek, Pavel"]
[Black "Michalik, Peter"]
[Result "1-0"]
[WhiteElo "2471"]
[BlackElo "2577"]
[Annotator "RC"]
[PlyCount "65"]
[EventDate "2019.04.27"]
[EventType "swiss"]
[EventCountry "CZE"]
[SourceTitle "playchess.com"]
[Source "ChessBase"]
[SourceQuality "1"]
[TimeControl "40/5400+30:1800+30"]

1. e4 {[%emt 0:00:00]} c6 {[%emt 0:00:00]} 2. d4 {[%emt 0:00:04]} d5 {[%emt 0:00:00]} 3. Nc3 {[%emt 0:00:11]} dxe4 {[%emt 0:00:00]} 4. Nxe4 {[%emt 0:00:04]} Nf6 {[%emt 0:00:06]} 5. Nxf6+ {[%emt 0:01:49]} exf6 {[%emt 0:00:05]} 6. c3 {[%emt 0:00:17]} Bd6 {[%emt 0:00:08]} 7. Bd3 {[%emt 0:01:00]} O-O {[%emt 0:00:09]} 8. Ne2 {[%emt 0:00:22]} Re8 {[%emt 0:00:08]} 9. O-O {[%emt 0:00:48]} Nd7 {[%emt 0:03:49]} 10. Bf4 {[%emt 0:00:47]} Nf8 {[%emt 0:00:56]} 11. Qd2 {[%emt 0:01:37]} Ne6 {[%emt 0:10:31]} 12. Bxd6 {[%emt 0:06:30]} Qxd6 {[%emt 0:00:05]} 13. f4 {[%emt 0:00:05]} Bd7 {[%emt 0:06:21]} 14. f5 {[%emt 0:04:56]} Nf8 {[%emt 0:11:11]} 15. Ng3 {[%emt 0:06:25]} Kh8 {[%emt 0:07:55]} 16. Rf3 {[%emt 0:05:33]} h6 {[%emt 0:01:59]} 17. Ne4 {[%emt 0:04:32]} Qe7 {[%emt 0:00:51]} 18. Qf4 {[%emt 0:00:38]} c5 {[%emt 0:13:07]} 19. Nd6 {[%emt 0:01:32]} cxd4 {[%emt 0:02:55]} 20. Bc4 {[%emt 0:00:29]} Rec8 {[%emt 0:03:43]} 21. Bb3 {[%emt 0:07:03]} Be8 {[%emt 0:02:41]} 22. Nxc8 {[%emt 0:00:36]} Rxc8 {[%emt 0:00:05]} 23. cxd4 {[%emt 0:00:14]} a5 {[%emt 0:02:17]} 24. Re3 {[%emt 0:03:10]} Qb4 {[%emt 0:00:20]} 25. Rae1 {[%emt 0:03:55]} Bc6 {[%emt 0:01:09]} 26. Rd1 {[%emt 0:15:00]} Be8 {[%emt 0:03:38]} 27. a3 {[%emt 0:02:38]} Qb6 {[%emt 0:00:04]} 28. Rg3 {[%emt 0:00:29]} Bd7 {[%emt 0:03:12]} 29. Bxf7 {[%emt 0:03:09]} Qxb2 {[%emt 0:00:11]} 30. Bb3 {[%emt 0:00:36]} Nh7 {[%emt 0:03:18]} 31. Be6 {[%emt 0:09:54]} Ba4 {[%emt 0:01:31]} 32. Bxc8 {[%emt 0:02:50]} Bxd1 {[%emt 0:00:05]} 33. Be6 {[%emt 0:00:10]} 1-0

[Event "CZE-ch Open 2019"]
[Site "Ostrava"]
[Date "2019.04.30"]
[Round "4.5"]
[White "Stocek, Jiri"]
[Black "Plat, Vojtech"]
[Result "1/2-1/2"]
[WhiteElo "2563"]
[BlackElo "2535"]
[Annotator "TA"]
[PlyCount "83"]
[EventDate "2019.04.27"]
[EventType "swiss"]
[EventCountry "CZE"]
[SourceTitle "playchess.com"]
[Source "ChessBase"]
[SourceQuality "1"]

{[%evp 21,83,66,63,63,61,69,114,105,93,47,153,5,54,-16,-5,0,0,0,34,43,21,0,54,39,104,95,119,119,170,100,310,299,387,346,505,197,197,198,195,64,60,60,168,57,62,35,34,26,24,24,24,24,40,8,8,8,8,8,8,8,8,0,0,0]} 1. d4 d6 2. e4 Nf6 3. f3 c6 4. c4 g6 5. Nc3 Bg7 6. Be3 O-O 7. Bd3 e5 8. d5 a6 9. Nge2 Nbd7 10. O-O cxd5 11. cxd5 Nh5 12. Kh1 {E88: King's Indian: Sämisch: 6...e5 7 d5 c6} b5 $146 ({Predecessor:} 12... Nc5 13. Bc2 f5 14. b4 Nd7 15. exf5 gxf5 16. Bxf5 Rxf5 17. g4 Rf8 18. gxh5 Qh4 19. Ng3 Nf6 {1-0 (64) Lautier,J (2680)-Relange,E (2505) playchess.com INT 2004}) 13. b4 f5 14. exf5 {White is better.} gxf5 15. Rc1 Qh4 (15... Nb6 $14) 16. a4 (16. Bxf5 $1 $16 Rxf5 17. Ne4) 16... bxa4 (16... e4 $5 17. Bf2 (17. fxe4 Be5 $11) 17... Qg5 18. fxe4 bxa4 $14) 17. Qxa4 (17. Nxa4 $14 Rb8 18. Bf2) 17... e4 $1 $11 {[%cal Re4d3]} 18. Bf2 Qg5 19. Qc6 Rb8 20. Bxa6 Qe7 21. Bxc8 Rbxc8 (21... Rfxc8 $11 22. Qa6 Ra8) 22. Qb7 $1 $14 exf3 (22... e3 $14 23. Be1 Rfd8) 23. gxf3 $16 Rb8 24. Qa7 $1 Rxb4 {[#]} (24... Ra8 $16 25. Qe3 Qxe3 26. Bxe3 Ne5) 25. Rg1 (25. Nd4 $1 $18 {[%cal Rd4c6] Hoping for Nc6.} Bxd4 26. Bxd4) 25... Kh8 $2 (25... Qf7 $16 {is a better defense.}) 26. Nd4 $18 Qf7 27. Ne6 Rg8 (27... Nc5 $142 28. Bxc5 dxc5 29. Qxc5 Rfb8 30. Nxg7 Nxg7) 28. Nd1 $2 (28. Ne2) 28... Nhf6 29. Bd4 ({Stronger than} 29. Nxg7 Qxd5 30. Qe3 f4 $11) 29... Qh5 30. Rg3 (30. Rc3 $18 Rxd4 31. Nxd4) 30... f4 $1 $14 {[%cal Rf4g3]} 31. Nxf4 ({Not} 31. Rxg7 Qxf3+ 32. Kg1 Rxg7+ 33. Nxg7 Qg4+ 34. Kh1 Kxg7 $17) 31... Qf5 {[#]} ({Black should play} 31... Qh6 $14 32. Nd3 Rxd4 33. Qxd4 Nh5 34. Rxg7 Qxg7 35. Qxg7+ Nxg7) 32. Ne2 (32. Ne6 $1 $18 {aiming for Ne3.} Bh6 33. Ne3 Bxe3 34. Bxf6+ Qxf6 35. Rxg8+ (35. Qxe3 Rbb8 $16) 35... Kxg8 36. Qxe3) 32... Rb1 33. Ne3 Rxc1+ 34. Nxc1 Qb1 35. Qa1 Qxa1 36. Bxa1 Ra8 37. Bd4 {Threatens to win with Nf5.} Nh5 {The position is equal.} 38. Bxg7+ Nxg7 39. Ne2 Re8 40. f4 Nh5 41. Rf3 Nb6 42. Ng3 {Accuracy: White = 39%, Black = 41%.} 1/2-1/2

[Event "CZE-ch Open 2019"]
[Site "Ostrava"]
[Date "2019.04.30"]
[Round "4.6"]
[White "Kraus, Tomas"]
[Black "Babula, Vlastimil"]
[Result "1/2-1/2"]
[WhiteElo "2456"]
[BlackElo "2549"]
[Annotator "TA"]
[PlyCount "86"]
[EventDate "2019.04.27"]
[EventType "swiss"]
[EventCountry "CZE"]
[SourceTitle "playchess.com"]
[Source "ChessBase"]
[SourceQuality "1"]

{[%evp 12,86,26,25,38,29,38,7,27,14,35,30,21,23,25,29,31,16,20,29,43,35,45,-30,-27,-37,-25,-29,-29,-29,-35,-37,0,0,0,0,0,-8,-15,-70,0,0,0,0,0,0,71,72,141,151,204,165,168,0,0,0,0,0,0,0,0,0,0,0,0,0,0,0,0,0,0,0,0,0,0,0,0]} 1. e4 c5 2. f4 Nc6 3. Nf3 g6 4. Bb5 Nd4 5. Nxd4 cxd4 6. O-O Bg7 7. d3 Nf6 {B30: Sicilian: 2...Nc6 3 Bb5, lines without ...g6} 8. e5 Nd5 9. Qf3 (9. Bc4 $5 {[%cal Rc4d5]} Nb4 10. Bd2 $14) 9... Nc7 10. Bc4 $146 {Threatens to win with f5.} ({Predecessor:} 10. Ba4 O-O 11. Qf2 d6 12. Qxd4 dxe5 13. Qxd8 Rxd8 14. fxe5 Bxe5 15. Nc3 {½-½ (59) Vojta,T (2350)-Babula,V (2550) Prague 2017}) 10... d6 11. exd6 Qxd6 12. Nd2 O-O 13. Ne4 Qc6 14. Bd2 Bf5 15. Rae1 b5 16. Bb3 a5 17. a4 ({White should try} 17. a3 $1 $14) 17... bxa4 $11 18. Bc4 Rab8 19. g4 Bxe4 $1 20. Qxe4 Qxe4 21. Rxe4 Nb5 22. Rxe7 Nd6 23. Bd5 Rxb2 24. Rd7 $36 {[%mdl 2048] White is pushing.} Rxc2 25. Rf2 (25. Bxa5 $11 Rc5 {[%mdl 64] Double Attack} 26. Rxd6 Rxa5 27. Rd7) 25... Nb5 (25... Ne8 $15 26. g5 Rc7 27. Rxc7 Nxc7) 26. Bxa5 Rxf2 27. Kxf2 Nc3 28. Bc4 $1 a3 {[#]} (28... Ra8 $11 {keeps the balance.} 29. Bxf7+ Kh8) 29. Ra7 $1 $16 {Black must now prevent Bb4.} a2 (29... Rb8 $142) 30. Bb4 Rb8 (30... Nd1+ $16 {keeps fighting.} 31. Kf3 a1=R 32. Rxa1 Rb8) 31. Bxf7+ $18 Kh8 32. Bxa2 $2 (32. Bd6 $18 Rc8 33. Be7) 32... h5 $11 {The position is equal.} 33. Bc4 {[#] Hoping for Bd6.} Rxb4 34. Ra8+ Kh7 35. Bg8+ Kh8 36. Bc4+ Kh7 37. Bg8+ Kh8 38. Be6+ Kh7 {And now ...Rb2+ would win.} 39. g5 Rb6 40. Bg8+ Kh8 41. Kf3 Nb5 42. f5 Be5 $1 {...Rb8 is the strong threat.} ({But not} 42... gxf5 $2 43. Be6+ Bf8 44. Rxf8+ {[%mdl 64] Double Attack} Kg7 45. Rg8+ (45. Rxf5 Rxe6 46. Rxb5 Re3+ 47. Kf4 Rxd3 $11) 45... Kh7 46. g6+ Kh6 47. Bxf5 $18) (42... Nc7 $6 43. Rc8 $14) 43. Bf7+ $1 Rb8 {Accuracy: White = 71%, Black = 63%.} 1/2-1/2

[Event "CZE-ch Open 2019"]
[Site "Ostrava"]
[Date "2019.04.30"]
[Round "4.7"]
[White "Pulpan, Jakub"]
[Black "Kociscak, Jiri"]
[Result "1/2-1/2"]
[WhiteElo "2418"]
[BlackElo "2496"]
[Annotator "TA"]
[PlyCount "195"]
[EventDate "2019.04.27"]
[EventType "swiss"]
[EventCountry "CZE"]
[SourceTitle "playchess.com"]
[Source "ChessBase"]
[SourceQuality "1"]

{[%evp 12,195,-8,-6,0,0,20,0,14,7,18,15,-4,8,-2,0,4,-1,4,7,8,5,6,0,87,87,84,89,101,104,105,105,108,101,112,107,117,114,117,113,145,109,114,113,144,142,135,36,36,36,36,36,36,36,50,51,55,55,143,141,167,160,170,169,169,117,166,173,156,36,42,0,0,0,42,42,42,37,42,42,42,23,55,42,47,59,58,0,61,51,83,41,48,41,36,27,41,0,41,0,29,29,42,41,41,41,42,42,42,42,42,42,42,0,42,29,41,41,42,0,36,29,37,37,37,41,41,36,36,36,36,36,42,42,42,42,42,42,42,42,42,42,42,42,43,48,48,48,48,42,48,48,48,48,178,42,49,31,36,32,32,32,32,32,32,32,32,8,8,0,0,0,0,0,8,0,0,0,0,0,0,0,0,0,0,0]} 1. e4 e5 2. Nf3 Nc6 3. Bb5 Nf6 4. O-O Nxe4 5. d4 Nd6 6. dxe5 Nxb5 7. a4 {[#]} Nbd4 $1 {[%mdl 512] C67: Ruy Lopez: Berlin Defence: 4 0-0 Nxe4} 8. Nxd4 d5 9. exd6 Bxd6 10. Re1+ Be7 11. Bg5 f6 12. Be3 Nxd4 13. Bxd4 O-O $1 {[#]} 14. Nc3 $146 ({Predecessor:} 14. Qd3 Rf7 15. Qc4 {½-½ (26) Grandelius,N (2653)-Adams,M (2738) Douglas 2017}) 14... c5 15. Be3 Qxd1 16. Raxd1 Bf5 17. Rd5 Be6 (17... Bxc2 $11 18. Bxc5 Bxc5 19. Rxc5 b6) 18. Bxc5 $16 {[%mdl 64] Discovered Attack} Bxd5 19. Bxe7 Bc6 20. Bxf8 Kxf8 {[%mdl 4096] Endgame KRB-KRN} 21. f3 Rd8 22. Kf2 g5 23. b3 h5 24. Rd1 Rc8 25. Ne2 a5 26. c4 h4 27. Nd4 Bd7 28. Nc2 Ke7 29. f4 (29. Rd5 $16) 29... gxf4 $14 30. Rd4 h3 31. Rxf4 hxg2 32. Kxg2 Ke6 33. Re4+ Kd6 {aiming for ...Bc6.} 34. Rd4+ Ke6 (34... Ke7 $14) 35. Rd5 $16 Rg8+ 36. Kf3 b6 37. Nd4+ Ke7 38. Nf5+ (38. h4 $18) 38... Kd8 39. Rd6 Rh8 40. Ne3 (40. Kg3 $16) 40... Rh3+ $14 41. Kf4 Rh4+ 42. Kf3 Rh3+ 43. Ke4 f5+ 44. Kf4 Kc7 45. Rg6 Kb7 46. Nd5 Bc6 47. Rg7+ Kb8 $1 48. Rg8+ Kb7 49. Rg7+ Kb8 $1 50. Ke5 f4 51. Nxf4 Rxh2 52. Ne6 Rh3 53. Rg8+ Ka7 54. Rg7+ Kb8 55. Rg8+ Kb7 56. Nd4 {Hoping for Rg7+.} Rh5+ 57. Kd6 Rh6+ 58. Ne6 Be4 59. Rg7+ Kb8 60. Ke5 Bh1 61. Rg8+ Kb7 62. Rg7+ Kb8 63. Nd4 Rh5+ 64. Kd6 {Strongly threatening Nc6+.} Rh6+ 65. Ke5 Rh5+ 66. Kf4 Rh4+ 67. Ke3 Rh3+ 68. Ke2 Rh2+ 69. Kd3 Rh3+ 70. Kc2 Be4+ 71. Kb2 Rd3 72. Nb5 Bc6 73. Rg5 Kb7 74. Re5 Kb8 75. Kc2 Rd7 76. Kc3 Kb7 77. Nd4 Bh1 78. Rh5 Bg2 79. Rg5 Bh1 80. Rg6 Be4 81. Re6 Bg2 82. Rh6 Be4 {[#]} (82... Rf7 $14) 83. Nb5 (83. c5 $1 $18) 83... Bc6 84. b4 {And now Nd6+ would win.} (84. Rh4 {is more complex.} Rd1 85. Rh7+ Rd7 86. Rh6 Rd1 87. Rg6) 84... Bxb5 85. axb5 {Threatens to win with bxa5.} axb4+ 86. Kxb4 {KR-KR} Rd3 87. Rh7+ Kb8 88. Rh4 Rg3 89. c5 bxc5+ {The position is equal.} 90. Ka5 Rg6 91. Rh8+ Kb7 92. Rh7+ Kb8 93. b6 c4 94. Ka6 {Rh8+ would kill now.} Rg8 95. Rb7+ Ka8 $1 96. Rc7 Kb8 $1 97. Rxc4 Rg1 98. Rh4 {Accuracy: White = 50%, Black = 63%.} 1/2-1/2

[Event "CZE-ch Open 2019"]
[Site "Ostrava"]
[Date "2019.04.30"]
[Round "4.8"]
[White "Blatny, Pavel"]
[Black "Biolek, Richard Jr."]
[Result "1-0"]
[WhiteElo "2326"]
[BlackElo "2442"]
[Annotator "TA"]
[PlyCount "122"]
[EventDate "2019.04.27"]
[EventType "swiss"]
[EventCountry "CZE"]
[SourceTitle "playchess.com"]
[Source "ChessBase"]
[SourceQuality "1"]

{[%evp 9,122,-16,-3,-19,-2,0,4,-5,8,16,41,26,48,47,50,23,33,25,25,0,0,-28,28,15,13,0,0,0,0,0,6,0,18,12,20,0,6,0,0,-20,0,-13,-4,-42,0,-15,22,8,13,13,13,0,18,0,29,0,6,7,13,14,15,0,0,0,0,0,0,0,0,-45,-25,-42,-36,-38,-37,-49,-30,-49,-62,-65,-53,-78,-29,-43,-39,-38,-32,-70,-70,-70,-63,-44,-34,-31,-8,-10,-8,-8,-8,-8,0,-8,0,-21,0,-8,0,-8,-5,-8,0,0,0,-8,0]} 1. e3 g6 2. c4 Bg7 3. Nc3 Nf6 4. f4 c6 5. b3 d5 6. Bb2 {A16: English Opening: 1...Nf6 with ...d5} O-O 7. Nf3 Bf5 8. Be2 Nbd7 9. Nd4 Be4 10. O-O $1 {Strongly threatening d3.} Nc5 11. d3 Bf5 $1 12. b4 Ne6 13. Nxf5 gxf5 14. d4 dxc4 15. Bxc4 Nc7 ({Black should play} 15... Ng4 $1 16. Rf3 Nxd4) 16. Qd3 Ncd5 17. b5 cxb5 18. Bxb5 Rc8 19. Nxd5 Nxd5 20. Ba4 e6 21. Bb3 Qd7 22. Rf3 Kh8 23. Kh1 Rg8 24. Rg1 Nf6 25. h3 Ne4 26. Qd1 Qe7 27. Kh2 Qh4 28. g3 Qh5 29. Rff1 Qxd1 30. Rxd1 Bf6 31. Rg2 h5 32. Rdg1 Kh7 33. Bd1 Kh6 34. Bf3 Nd6 35. Ba3 Nc4 36. Bc1 Nd6 37. Rd1 Rc3 38. d5 {[#] Black must now prevent dxe6.} Nc4 39. Re1 b6 {[%cal Bb7b6,Bb6b5,Bb5b4][%mdl 32]} 40. Rf2 Rd8 41. dxe6 fxe6 42. Bg2 Kg7 43. Bf1 b5 44. Kg2 Kf7 45. Kf3 a5 46. Bxc4 Rxc4 47. Bb2 b4 48. Bxf6 Kxf6 $15 {[%mdl 4096] Endgame KRR-KRR} 49. Rb2 Rc3 50. g4 hxg4+ 51. hxg4 fxg4+ 52. Kxg4 {The position is equal.} Rg8+ 53. Kf3 Rh8 {...Kf5 is the strong threat.} 54. Ke4 Rc4+ 55. Kd3 Rc3+ 56. Ke4 Rh3 57. Kd4 Rh4 58. Ke4 Rc4+ 59. Kd3 Rc3+ 60. Ke4 Rh3 61. Kd4 Rh4 {[%mdl 32768] Accuracy: White = 38%, Black = 43%. . Loss on time!?} 1-0

[Event "CZE-ch Open 2019"]
[Site "Ostrava"]
[Date "2019.04.30"]
[Round "4.9"]
[White "Cernousek, Lukas"]
[Black "Serrano Salvador, Eduardo"]
[Result "1-0"]
[WhiteElo "2438"]
[BlackElo "2305"]
[Annotator "NA"]
[PlyCount "75"]
[EventDate "2019.04.27"]
[EventType "swiss"]
[EventCountry "CZE"]
[SourceTitle "playchess.com"]
[Source "ChessBase"]
[SourceQuality "1"]
[TimeControl "40/5400+30:1800+30"]

1. e4 c5 2. Nf3 e6 3. d4 cxd4 4. Nxd4 Nc6 5. Nc3 Qc7 6. Be3 a6 7. Qf3 {B48: Sicilian: Taimanov: 5 Nc3 Qc7 6 Be3 a6 without Be2} Nf6 8. O-O-O Nxd4 (8... Ne5 9. Qg3 b5 10. f4 Neg4 11. Bd2 b4 12. Na4 h5 13. Bd3 d5 14. e5 Ne4 15. Bxe4 dxe4 {½-½ (48) Caruana,F (2832)-Shankland,S (2724) Germany 2019}) 9. Bxd4 e5 10. Be3 d6 11. h3 b5 12. g4 b4 13. Nd5 Nxd5 14. exd5 Be7 {[#]} 15. Qe4 $146 f5 16. Qxb4 Rb8 17. Qc4 Qxc4 18. Bxc4 f4 19. Bd2 Bh4 20. f3 $16 O-O 21. Bd3 Bb7 22. Be4 Ba8 23. Be1 Bxe1 24. Rhxe1 Rfc8 25. Rd3 Rc5 26. Red1 a5 27. Rb3 Rxb3 28. axb3 Kf7 29. h4 Bb7 30. c3 h6 31. Kc2 Ke7 32. c4 Kd7 33. Rg1 Ke7 34. Kc3 Ba6 35. g5 h5 36. g6 a4 37. Ra1 Bb5 38. Kb4 1-0

[Event "CZE-ch Open 2019"]
[Site "Ostrava"]
[Date "2019.04.30"]
[Round "4.10"]
[White "Sramek, Vojtech"]
[Black "Kislinsky, Alexey"]
[Result "0-1"]
[WhiteElo "2304"]
[BlackElo "2429"]
[Annotator "TA"]
[PlyCount "82"]
[EventDate "2019.04.27"]
[EventType "swiss"]
[EventCountry "CZE"]
[SourceTitle "playchess.com"]
[Source "ChessBase"]
[SourceQuality "1"]

{[%evp 19,82,0,7,-5,32,31,61,30,96,74,72,47,59,50,54,39,46,49,135,11,12,0,0,-16,-10,-12,-6,-23,-14,-19,-33,-38,-20,-37,0,0,0,0,0,-41,-43,-25,-33,-34,0,0,0,0,147,-106,-105,-100,-93,-93,-93,-97,-95,-385,-387,-380,-351,-985,-1045,-1635,-1635]} 1. e4 c5 2. Nf3 a6 3. c3 g6 4. d4 cxd4 5. cxd4 d5 6. exd5 Nf6 7. Nc3 Bg7 8. Bc4 O-O 9. O-O Nbd7 10. d6 exd6 11. Bb3 $146 {B14: Caro-Kann: Panov-Botvinnik Attack with 5...e6 and 5...g6} ({Predecessor:} 11. a4 Nb6 12. Bb3 Bf5 13. a5 Nbd7 14. Bf4 Nb8 15. Nd2 Nc6 16. Nc4 Ne8 17. d5 Nd4 18. Ba4 Rc8 19. b3 {0-1 (31) Kleiman,J (2314)-Iturrizaga Bonelli,E (2528) ICC INT 2009}) 11... h6 12. Re1 Kh7 13. a4 {White is slightly better.} (13. Bf4 $5 {[%cal Rf4d6]} Nb8 14. h3 $16) 13... Ng8 (13... Nb8 $11 {keeps the balance.}) 14. Bf4 Ndf6 15. Rc1 Nh5 16. Be3 Ne7 17. h3 d5 18. Ne5 f5 (18... Be6 $14) 19. f4 (19. Bd2 $16) 19... Be6 20. Qf3 Nf6 21. Bf2 Qb6 22. Ba2 Ne4 23. Nxe4 fxe4 24. Qa3 Rae8 25. a5 Qd8 26. Qb4 Nf5 27. Qb6 Qxb6 28. axb6 Rc8 29. Rc7 Rxc7 $1 30. bxc7 Rc8 31. g4 Nd6 32. Rc1 Nb5 33. Nxg6 Nxd4 {[#]} (33... Kxg6 $11 {remains equal.} 34. f5+ Bxf5 $1 {[%mdl 512]} 35. gxf5+ Kxf5 36. Bxd5 Rxc7 37. Rxc7 Nxc7 38. Bxb7 a5) 34. Bxd4 $4 {[%mdl 8192]} (34. Ne7 $1 $16 {[%cal Re7c8] is forced if you want to stay better.} Ne2+ {[%mdl 64] Double Attack} 35. Kf1 Nxc1 36. Nxc8 Bxc8 37. Bxd5) 34... Bxd4+ $17 35. Kf1 {Black must now prevent f5.} Kxg6 36. f5+ Kf6 37. fxe6 Kxe6 38. Rd1 $2 {[%mdl 8192]} (38. Ke2 $17) 38... Ke5 $19 39. Rc1 Bb6 40. Ke2 $2 (40. Bb1) 40... Rxc7 41. Rxc7 Bxc7 {Accuracy: White = 35%, Black = 51%.} 0-1

[Event "CZE-ch Open 2019"]
[Site "Ostrava"]
[Date "2019.04.30"]
[Round "4.11"]
[White "Roubalik, Jakub"]
[Black "Ludvik, Tomas"]
[Result "0-1"]
[WhiteElo "2417"]
[BlackElo "2222"]
[Annotator "ChessBase"]
[PlyCount "86"]
[EventDate "2019.04.27"]
[EventType "swiss"]
[EventCountry "CZE"]
[SourceTitle "playchess.com"]
[Source "ChessBase"]
[SourceQuality "1"]
[TimeControl "40/5400+30:1800+30"]

1. d4 d5 2. c4 dxc4 3. e4 Nc6 4. Nf3 Bg4 5. Bxc4 e6 6. Bb5 Bxf3 7. Bxc6+ bxc6 8. Qxf3 Nf6 9. O-O Be7 10. Rd1 O-O 11. b3 Qd7 12. Bb2 c5 13. d5 exd5 14. e5 Ng4 15. h3 Nh6 16. Rxd5 Qe6 17. Na3 c6 18. Rd3 Rfd8 19. Rad1 Nf5 20. Nc4 Nh4 21. Qg4 Nf5 22. Qe4 Rac8 23. Na5 Rxd3 24. Qxd3 h5 25. Qa6 Rc7 26. Qd3 Rc8 27. Qc4 Qg6 28. Qe4 Qe6 29. Rd3 Rc7 30. Rf3 Nh4 31. Rd3 Nf5 32. Qc4 Qg6 33. Kh2 Nh4 34. g3 Qf5 35. f4 Rd7 36. Rxd7 Qxd7 37. Qe2 Nf5 38. Nc4 Qd5 39. g4 Nh4 40. Kg3 Qh1 41. f5 Bg5 42. Qf2 Ng6 43. Qg2 Qe1+ 0-1